| 000 | 00472nam a2200181Ia 4500 | ||
|---|---|---|---|
| 001 | 66151 | ||
| 008 | 150404s9999 xx 000 0 und d | ||
| 020 | _a1858983282 | ||
| 040 | _cPK-LaUMT | ||
| 082 |
_aR 330.01519503 _bDAR-D |
||
| 100 | _aDarnell, Adrian C. | ||
| 245 | 2 |
_aA Dictionary of econometrics _cDarnell, Adrian C. |
|
| 260 |
_aCheltenham,UK: _bEdward Elgar, _c1997 |
||
| 300 | _a458 p. | ||
| 546 | _aEN | ||
| 650 | _aEconometrics-Dictionaries | ||
| 942 | _cREF | ||
| 999 |
_c69490 _d69490 |
||